00525nam a2200133Ia 4500008004100000020001800041050002800059245012000087260005200207300002900259500003500288521000700323650006100330140609s9999 xx 000 0 und d a9780521181907 aHC 59.72.C3b.G56 2011 aGlobal projects :bInstitutional political challenges /cEditors, Richard W. Scott, Raymond E. Levitt, Ryan J. Orr, aNew York :bCambridge University Press,cc2011. a452 p. :bill. ;c23 cm. aIncludes references and index. aGE aPublic-private sector cooperationxDeveloping countries.